| 000 -LEADER |
| fixed length control field |
00586nam a2200193Ia 4500 |
| 001 - CONTROL NUMBER |
| control field |
7535 |
| 003 - CONTROL NUMBER IDENTIFIER |
| control field |
GE_BSU |
| 008 - FIXED-LENGTH DATA ELEMENTS--GENERAL INFORMATION |
| fixed length control field |
181216s||||||||xx |||||||||||||| ||und|| |
| 040 ## - CATALOGING SOURCE |
| Transcribing agency |
GE_BSU |
| 080 ## - UNIVERSAL DECIMAL CLASSIFICATION NUMBER |
| Universal Decimal Classification number |
621.317(035.5) |
| 245 ## - TITLE STATEMENT |
| Title |
Измерения в электронике. Т.2. |
| 245 ## - TITLE STATEMENT |
| Statement of responsibility, etc. |
Редактор-составитель: Б.А. Доброхотов, ред. В.В.Енютин. |
| 260 ## - PUBLICATION, DISTRIBUTION, ETC. |
| Place of publication, distribution, etc. |
М.-Л. |
| 260 ## - PUBLICATION, DISTRIBUTION, ETC. |
| Name of publisher, distributor, etc. |
Энергия. |
| 260 ## - PUBLICATION, DISTRIBUTION, ETC. |
| Date of publication, distribution, etc. |
1965. |
| 300 ## - PHYSICAL DESCRIPTION |
| Extent |
240стр. 27 см. с илл. |
| 653 ## - INDEX TERM--UNCONTROLLED |
| Uncontrolled term |
Измерения в электронике. |
| 942 ## - ADDED ENTRY ELEMENTS (KOHA) |
| Koha item type |
წიგნი |